Accentual cadences in Gregorian chant. (Record no. 120139)
[ view plain ]
| 000 -LEADER | |
|---|---|
| fixed length control field | 00613cam a2200205u 4500 |
| 001 - CONTROL NUMBER | |
| control field | 8438366 |
| 003 - CONTROL NUMBER IDENTIFIER | |
| control field | ARRUPE |
| 005 - DATE AND TIME OF LATEST TRANSACTION | |
| control field | 20140221135752.0 |
| 008 - FIXED-LENGTH DATA ELEMENTS--GENERAL INFORMATION | |
| fixed length control field | 810205s1958 enk 000 0 eng |
| 010 ## - LIBRARY OF CONGRESS CONTROL NUMBER | |
| LC control number | 62006127 |
| 040 ## - CATALOGING SOURCE | |
| Original cataloging agency | DLC |
| Transcribing agency | CarP |
| Modifying agency | DLC |
| 050 00 - LIBRARY OF CONGRESS CALL NUMBER | |
| Classification number | ML3082 |
| Item number | .M85 |
| 100 1# - MAIN ENTRY--PERSONAL NAME | |
| Personal name | Murray, Gregory, |
| Dates associated with a name | 1905- [from old catalog] |
| 9 (RLIN) | 8867 |
| 245 10 - TITLE STATEMENT | |
| Title | Accentual cadences in Gregorian chant. |
| 260 ## - PUBLICATION, DISTRIBUTION, ETC. (IMPRINT) | |
| Place of publication, distribution, etc | Bath [Eng.] |
| Name of publisher, distributor, etc | Downside Abbey |
| Date of publication, distribution, etc | [1958] |
| 300 ## - PHYSICAL DESCRIPTION | |
| Extent | p. cm. |
| 650 #0 - SUBJECT ADDED ENTRY--TOPICAL TERM | |
| Topical term or geographic name as entry element | Gregorian chants |
| General subdivision | History and criticism. |
| 9 (RLIN) | 8868 |
| 906 ## - LOCAL DATA ELEMENT F, LDF (RLIN) | |
| a | 0 |
| b | cbc |
| c | premunv |
| d | u |
| e | ncip |
| f | 19 |
| g | y-gencatlg |
| 942 ## - ADDED ENTRY ELEMENTS (KOHA) | |
| Source of classification or shelving scheme | Library of Congress Classification |
| Koha item type | Monograph ( Printed materials) |
| Withdrawn status | Lost status | Source of classification or shelving scheme | Damaged status | Not for loan | Collection code | Home library | Current library | Shelving location | Date acquired | Total Checkouts | Full call number | Barcode | Date last seen | Price effective from | Koha item type |
|---|---|---|---|---|---|---|---|---|---|---|---|---|---|---|---|
| Library of Congress Classification | Main Collection | ARRUPE LIBRARY | ARRUPE LIBRARY | Main Collection | 21/02/2014 | ML3082 .M85 | 46500002142 | 03/07/2018 | 21/02/2014 | Monograph ( Printed materials) |